000 01449nam a2200361 a 4500
001 ebr10480759
003 CaPaEBR
006 m u
007 cr cn|||||||||
008 110715s2011 enk sb 000 0 eng d
020 _z9780199599028
020 _z9780192833600
020 _z9780191585869 (e-book)
040 _aCaPaEBR
_cCaPaEBR
035 _a(OCoLC)742517118
043 _ae-uk-en
050 1 4 _aPR1870.A1
_bW75 2011eb
100 1 _aChaucer, Geoffrey,
_dd. 1400.
245 1 4 _aThe Canterbury tales
_h[electronic resource] /
_cGeoffrey Chaucer ; a verse translation by David Wright ; with an introduction and notes by Christopher Cannon.
250 _aNew ed.
260 _aOxford :
_bOxford University Press,
_c2011.
300 _axxix, 517 p.
490 1 _aOxford world's classics
504 _aIncludes bibliographical references.
533 _aElectronic reproduction.
_bPalo Alto, Calif. :
_cebrary,
_d2011.
_nAvailable via World Wide Web.
_nAccess may be limited to ebrary affiliated libraries.
650 0 _aChristian pilgrims and pilgrimages
_zEngland
_zCanterbury
_vPoetry.
655 7 _aElectronic books.
_2local
700 1 _aWright, David.
700 1 _aCannon, Christopher.
710 2 _aebrary, Inc.
830 0 _aOxford world's classics (Oxford University Press)
856 4 0 _uhttp://site.ebrary.com/lib/rucke/Doc?id=10480759
_zAn electronic book accessible through the World Wide Web; click to view
999 _c221604
_d221604